| 000 | 01224pam a2200313 a 4500 | ||
|---|---|---|---|
| 001 | 1617505 | ||
| 003 | OSt | ||
| 005 | 20240626121346.0 | ||
| 008 | 951016s1996 enk b 001 0 eng | ||
| 010 | _a 95044524 | ||
| 020 | _a0521474183 (hard) | ||
| 020 | _a0521479487 (pbk.) | ||
| 040 |
_aDLC _cMUST _dDLC |
||
| 082 | 0 | 0 | _a327.17 INT 1996 |
| 245 | 0 | 0 |
_aInternational theory : _bpositivism and beyond / _cedited by Steve Smith, Ken Booth, Marysia Zalewski. |
| 260 |
_aCambridge ; _aNew York : _bCambridge University Press, _c1996. |
||
| 300 |
_axiv, 362 p. ; _c24 cm. |
||
| 504 | _aIncludes bibliographical references and index. | ||
| 650 | 0 |
_aInternational relations _xPhilosophy. _97138 |
|
| 650 | 0 |
_aPositivism. _918049 |
|
| 700 | 1 |
_aSmith, Steve, _d1952- _918050 |
|
| 700 | 1 |
_aBooth, Ken, _d1943- _918051 |
|
| 700 | 1 |
_aZalewski, Marysia. _918052 |
|
| 856 | 4 | 2 |
_3Publisher description _uhttp://www.loc.gov/catdir/description/cam027/95044524.html |
| 856 | 4 | 1 |
_3Table of contents _uhttp://www.loc.gov/catdir/toc/cam021/95044524.html |
| 906 |
_a7 _bcbc _corignew _d1 _eocip _f19 _gy-gencatlg |
||
| 942 |
_2ddc _cO_SHELF |
||
| 999 |
_c8919 _d8919 |
||